000
00314nam a22001337a 4500
008
181102b xxu||||| |||| 00| 0 eng d
020
_a
0812108671
041
_a
eng
080
_2
2nd
_a
612.39
100
_a
10
101
_a
NUT
245
_a
Nutrition, Weight Control, and Exercise
_c
Katch,F.I
942
_2
udc
_c
BK
999
_c
51673
_d
51673